000 01198nam0a22003011 4500
001 RU\INFOCOMM_318\NLR\5000067922
005 20250613103552.0
035 _a(NLR Aleph) 009473370
090 _a8541219
_c8541219
100 _a20121120d1983 |||y0rusy50 ca
101 1 _afre
_crus
102 _aRU
105 _ay z |||||
200 1 _aLa guerre secrète de la C.I.A.
_fNikolaï Iakovlev
_g[Trad. du russe par Igor Baïkov]
210 _aM.
_cÉd. de l'Agence de presse "Novosti"
_d1983
215 _a127 с.
_cил.
_d17 см
300 _aВ вып. дан.: Тайная война ЦРУ / Николай Николаевич Яковлев
601 0 2 _aЦентральное разведывательное управление
_cСоединенные Штаты
_2nlr_sh1
606 0 _aПодрывная деятельность
_yСоединенные Штаты
_2nlr_sh1
620 _aМосква
686 _aТ3(7США)63-67
_2rubbk
700 1 _9z01790
_aJakovlev
_bN. N.
_f1927-
_gNikolaj Nikolaevič
790 1 _9z01700
_aIakovlev
_bN.
_gNikolaï
_4070
801 1 _aRU
_bNLR
_c20121120
801 0 _aRU
_bINFOCOMM
_gPSBO
852 _aNLR
_jИ97 Д-1/70
942 _cBOOK
980 _aNB